<The> Importance of trademarks and goodwill

Dôležité aspekty hodnoty značky a ochrannej známky, postup ich vytvorenia. Určenie hodnoty ochrannej známky a goodwillu, ukážka výpočtov.

Saved in:
Bibliographic Details
Main Author: Harumová, Anna, 1955-
Format: Book Chapter
Language:English
Subjects:
Tags: Add Tag
No Tags, Be the first to tag this record!

MARC

LEADER 00000nla a2200000 4500
001 0229549
005 20240502073758.2
041 0 |a eng 
044 |a SK 
245 1 0 |a <The> Importance of trademarks and goodwill  |c Anna Harumová 
520 |a Dôležité aspekty hodnoty značky a ochrannej známky, postup ich vytvorenia. Určenie hodnoty ochrannej známky a goodwillu, ukážka výpočtov. 
610 2 0 |a goodwill 
610 2 0 |a oceňovanie 
610 2 0 |a známky ochranné 
610 2 0 |a hodnota trhová 
100 1 |a Harumová, Anna, 1955-